LIBRARY & INFORMATION CENTRE, KCAET, TAVANUR

ONLINE PUBLIC ACCESS CATALOGUE (OPAC)

Development and quality evaluation of ready to eat food from speciality rice and nendran banana (Record no. 14981)

MARC details
000 -LEADER
fixed length control field 00690nam a22001697a 4500
003 - CONTROL NUMBER IDENTIFIER
control field OSt
088 ## - REPORT NUMBER
Report number P 203
100 ## - MAIN ENTRY--AUTHOR NAME
Personal name ANEESA E
-- HRIDYA HARIDAS
-- SURYA SURENDRAN
245 ## - TITLE STATEMENT
Title Development and quality evaluation of ready to eat food from speciality rice and nendran banana
260 ## - PUBLICATION, DISTRIBUTION, ETC. (IMPRINT)
Place of publication 50
500 ## - GENERAL NOTE
General note Development and quality evaluation of ready to eat food from speciality rice and nendran banana
520 ## - SUMMARY, ETC.
Summary, etc Development and quality evaluation of ready to eat food from speciality rice and nendran banana
700 ## - ADDED ENTRY--PERSONAL NAME
Personal name Dr. K.P Sudheer (Guide)
856 ## - ELECTRONIC LOCATION AND ACCESS
Uniform Resource Identifier https://drive.google.com/open?id=1CEZoDfkwfuFFaOKwg8xIEzsVoxLBcTDO
942 ## - ADDED ENTRY ELEMENTS (KOHA)
Koha item type Project Report
Holdings
Collection code Home library Current library Shelving location Full call number Accession Number Koha item type
Reference KAUAET KAUAET Reference 631.56 ANE/DE P 203 Project Report
free website counter